| 000 | 00609nam a2200181 a 4500 | ||
|---|---|---|---|
| 001 | 000040451 | ||
| 005 | 20201002034134.0 | ||
| 008 | 130802s2009 mx 000 0 spa d | ||
| 020 | _a9703212293 | ||
| 040 |
_aDO-SdBNP _bspa _cBNPHU |
||
| 100 | 1 |
_aPrieto, Guillermo _966749 |
|
| 245 | 1 | 0 |
_aLa guerra con los Estados Unidos : / _cGuillermo Prieto. |
| 260 |
_aMéxico : _bUniversidad Nacional Autónoma de México, _c2009. |
||
| 300 |
_a47 p. ; _c16 cm. |
||
| 490 | 1 |
_aPequeños grandes ensayos _v17 |
|
| 710 | 2 |
_aUniversidad Nacional Autónoma de México _942447 |
|
| 830 | 0 |
_aPequeños grandes ensayos _v17 _966274 |
|
| 999 |
_c39941 _d39941 |
||